01503nam a2200289 a 4500001000200000003000900002005001700011008004100028020001800069040002600087082003000113100003700143245009700180260005900277300002600336490004000362500006900402500003400471505027300505650006100778650010100839650005800940651005300998651006901051700003301120710006001153 DO-SdBNP20211112123332.0090708s2008 dr r 001 0 spa d a9789945020571 aDO-SdBNPbspacBPMSU  a624.97293bT464m 20082221 aThomasset, H.q(Henri Thomasset)10aMemorias, informes y noticias dominicanas /cHenri Thomaset ; editor Andrés Blanco Díaz. aSanto Domingo,bArchivo General de la Nación.c2008. a302, [5] p. ;c23 cm.0 aArchivo General de la Nación;v69 aIncluye datos biográficos del autor en la sola de la cubierta  aIncluye índice onomástico aMemoria presentada a la sociedad de estudio para limpieza del puerto en 1883 / 15 -- Informe relativo a la construcción actual de la iglesia parroquial mayor de Santiago de los Caballeros 73 -- Documentos relativos a la empresa de la limpieza del río del Ozama 89. 4aIngenieria zRepública DominicanaxHistoriaySiglo XIX 4aPuertos zSanto Domingo (República Dominicana)xDiseño y construcciónySiglo XIX  4aCiudades y puebloszRepública DominicanaxSiglo XIX 4aSan Cristobal (República Dominicana)xHistoria 4aRepública Dominicana xCondiciones económicas ySiglo XIX1 aBlanco Díaz, Andréseed.2 aArchivo General de la Nación (República Dominicana)